Statistiques concernant League of Legends (LoL) - Champions du MSI

Cliquez ici pour prendre le quiz!

Statistiques générales

  • Ce quiz a été pris 425 fois
    (20 depuis la dernière actualisation)
  • Le résultat moyen est 36 sur 56

Statistiques - réponses

ÉditionJoueur / Équipe% Correct
2024 Mid-Season InvitationalChovy
94%
2016 Mid-Season InvitationalFaker
94%
2017 Mid-Season InvitationalFaker
94%
2024 Mid-Season InvitationalGeneration Gaming
94%
2016 Mid-Season InvitationalSK Telecom T1
94%
2017 Mid-Season InvitationalSK Telecom T1
94%
2023 Mid-Season Invitational369
89%
2019 Mid-Season InvitationalG2 Esports
89%
2023 Mid-Season InvitationalJD Gaming
89%
2024 Mid-Season InvitationalKiin
89%
2023 Mid-Season Invitationalknight
89%
2024 Mid-Season InvitationalPeyz
89%
2023 Mid-Season InvitationalRuler
89%
2024 Mid-Season InvitationalCanyon
83%
2024 Mid-Season InvitationalLehends
83%
2018 Mid-Season InvitationalRoyal Never Give Up
83%
2021 Mid-Season InvitationalRoyal Never Give Up
83%
2022 Mid-Season InvitationalRoyal Never Give Up
83%
2017 Mid-Season InvitationalBang
78%
2016 Mid-Season InvitationalBang
78%
2019 Mid-Season InvitationalCaps
78%
2023 Mid-Season InvitationalKanavi
78%
2022 Mid-Season InvitationalBin
72%
2019 Mid-Season InvitationalJankos
72%
2023 Mid-Season InvitationalMISSING
72%
2017 Mid-Season InvitationalPeanut
72%
2019 Mid-Season InvitationalPerkz
72%
2017 Mid-Season InvitationalWolf
72%
2016 Mid-Season InvitationalWolf
72%
2019 Mid-Season InvitationalMikyx
67%
2019 Mid-Season InvitationalWunder
67%
2015 Mid-Season InvitationalEDward Gaming
61%
2022 Mid-Season InvitationalGALA
61%
2021 Mid-Season InvitationalGALA
61%
2016 Mid-Season InvitationalDuke
50%
2015 Mid-Season InvitationalMeiko
50%
2021 Mid-Season InvitationalMing
50%
2022 Mid-Season InvitationalMing
50%
2018 Mid-Season InvitationalMing
50%
2018 Mid-Season InvitationalUzi
50%
2018 Mid-Season InvitationalXiaohu
50%
2022 Mid-Season InvitationalXiaohu
50%
2021 Mid-Season InvitationalXiaohu
50%
2016 Mid-Season InvitationalBlank
44%
2017 Mid-Season InvitationalHuni
44%
2022 Mid-Season InvitationalWei
44%
2021 Mid-Season InvitationalWei
44%
2015 Mid-Season InvitationalDeft
39%
2018 Mid-Season InvitationalMlxg
33%
2015 Mid-Season InvitationalPawN
33%
2021 Mid-Season InvitationalCryin
28%
2015 Mid-Season InvitationalClearlove
22%
2018 Mid-Season InvitationalKarsa
22%
2015 Mid-Season InvitationalKoro1
22%
2018 Mid-Season InvitationalLetme
22%
2021 Mid-Season InvitationalXiaobai
17%

Distribution des résultats

Percentile par nombre de réponses

% des personnes avec chaque résultat

Votre développement - résultats

Vous n’avez pas pris ce quiz depuis la dernière actualisation